Evaluating decision support and expert systems

Αποθηκεύτηκε σε:
Λεπτομέρειες βιβλιογραφικής εγγραφής
Κύριος συγγραφέας: Adelman, Leonard 1949-
Μορφή: Βιβλίο
Γλώσσα:English
Δημοσίευση: New York : Wiley, c1992
Σειρά:Wiley series in systems engineering
Θέματα:
Ετικέτες: Προσθήκη ετικέτας
Δεν υπάρχουν, Καταχωρήστε ετικέτα πρώτοι!

MARC

LEADER 00000nam a2200000 i 4500
001 1/74925
008 930823s1992 eng d
020 |a 0-471-54801-4 
035 |l 10049206 
040 |a GR-MY-UA  |b gre  |e aacr 
041 0 |a eng 
082 0 |a 006.33 
100 1 |a Adelman, Leonard  |d 1949- 
245 1 0 |a Evaluating decision support and expert systems /  |c Leonard Adelman 
260 |a New York :   |b Wiley,   |c c1992 
300 |a xvi, 232 p.;  |b ill.;  |c 24 cm. 
490 1 |a Wiley series in systems engineering 
500 |a Includes bibliographical references and index 
650 0 0 |a Expert systems (Computer science)  |x Evaluation. 
650 0 0 |a Decision support systems  |x Evaluation. 
830 0 |a Wiley series in systems engineering 
852 |a INST  |b CHIOS  |e 19930823  |h 006.33 ADE  |p 005200006737  |q 005200006737  |t BK  |y 0 
852 |a INST  |b SAMOS  |e 19990519  |h 006.33 ADE  |p 005300012808  |q 005300012808  |t BK  |y 0 
901 |a BIBL3-1999-2 
909 |a Σ  |b 063827 
909 |a Χ  |b 024118 
922 |a 3ΕΛΗ  |b 199901  |c ΚΠΣ  |d GLORY 
950 |a 116-1998-08-10